000 00907nam a2200253 i 4500
001 81692
003 ES-MaACL
005 20241025125010.0
007 t|
008 041105s1949 ag ||||1| spa d
100 1 _aHuxley, Aldous,
_d1894-1963
_964858
245 1 3 _aLa doble crisis /
_cpor Aldous Huxley. La salida / por John Russell ; traducción de C.A. Jordans.
260 _aBuenos Aires :
_bEdit. Sudamericana,
_c[1949] (
_fCompañía Impresora Argentina)
300 _a79 p. ;
_c17 cm.
490 1 _aSeries de la Unesco
500 _a[Edición en español debidamente autorizada por la Organización de las Naciones Unidas]
700 1 _aRussell, John.
_9101044
700 1 _aJordans, C. A.
_966944
740 3 _aLa salida.
830 0 _aSeries de la Unesco
_9231544
852 _aES-MaACL
_jD-7488
_bR.30327
_bR.M.7064
_cSVI
_984709
942 _2udc
999 _c81692
_d81692